[Event "Troya op 21st"]
[Site "Canakkale"]
[Date "2013.08.22"]
[Round "7"]
[White "Dizdar, Orkun"]
[Black "Erden, Kadir"]
[Result "0-1"]
[WhiteElo "1920"]
[BlackElo "2213"]
[PlyCount "100"]
[EventDate "2013.08.17"]
[EventType "swiss"]
[EventRounds "9"]
[EventCountry "TUR"]
[SourceTitle "CBM 156 Extra"]
[Source "ChessBase"]
[SourceDate "2013.10.22"]
[SourceVersion "1"]
[SourceVersionDate "2013.10.22"]
[SourceQuality "1"]

1. d4 g6 2. c4 Bg7 3. Nc3 c5 4. d5 Bxc3+ 5. bxc3 f5 6. e4 d6 7. exf5 Bxf5 8. Ne2 Qa5 9. Ng3 Bd7 10. Qd3 Na6 11. Be2 0-0-0 12. 0-0 Nf6 13. Bg5 Nc7 14. Rfe1 Rhe8 15. Bf3 Ng8 16. Re2 h6 17. Bd2 g5 18. Bh5 Rf8 19. Bg6 Kb8 20. Nf5 Bxf5 21. Bxf5 Qa6 22. g4 Na8 23. Qb1 Qxc4 24. Bd3 Qxg4+ 25. Kf1 c4 26. Be4 Rf7 27. Be3 Rdf8 28. a4 Nf6 29. Bf5 Qf3 30. Rb2 Qxd5 31. Be6 Qc6 32. Bxf7 Rxf7 33. Ke2 Ne4 34. Qc2 Nxf2 35. Bxf2 Qf3+ 36. Ke1 Qh1+ 37. Ke2 Qxa1 38. Rb1 Qa3 39. Rb4 Nb6 40. Bxb6 axb6 41. Rxc4 Qa1 42. Re4 Qf1+ 43. Ke3 Rf3+ 44. Kd4 e5+ 45. Kd5 Rd3+ 46. Ke6 Qh3+ 47. Ke7 Rxc3 48. Qf2 Rc7+ 49. Kf6 Qd7 50. Qa2 Qg7+ 0-1